| 000 | 00454nam a2200169Ia 4500 | ||
|---|---|---|---|
| 999 |
_c36225 _d36225 |
||
| 003 | OSt | ||
| 005 | 20201222105923.0 | ||
| 008 | 190216s9999||||xx |||||||||||||| ||und|| | ||
| 040 | _coclc | ||
| 082 |
_a039 _bKAR/P |
||
| 100 |
_aKartha, P C _97678 |
||
| 245 | 0 |
_aPazhamchol Prapancham / _cP C Kartha |
|
| 260 |
_bDc Books, _c1997. _aKottayam: |
||
| 300 | _a656p | ||
| 650 | _aMalayalam | ||
| 942 |
_cREF _2ddc _h039 _iKAR/P _k039 _mKAR/P |
||